000 00912nam a2200253 i 4500
001 bg
100 1 _aKALISZ, Liliana
245 1 0 _aOrganizmy osadu czynnego :
_bbadania mikroskopowe /
_cLiliana Kalisz, Marcin Kaźmierczuk ; Instytut Ochrony Środowiska.
260 _aWarszawa :
_bDział Wydawnictw IOŚ,
_c1998.
300 _a43, [4] s., [6] s. tabl. :
_bfot., rys., 1 wykr. ;
_c24 cm.
504 _aBibliogr. s. 42-43.
650 9 _aOsad czynny
_xbadanie
700 1 _aKAŹMIERCZUK, Marcin
_d(1947- )
710 0 _aInstytut Ochrony Środowiska
015 _aPB 5242/99
020 _a8385805516
040 _cBPK
041 0 _apol
080 _a628.3:535.8.08
920 _a83-85805-51-6
942 _cKS
008 s pl f |000 0 pol
999 _c46064
_d46064
856 _uhttp://koha.tu.koszalin.pl/cgi-bin/koha/opac-detail.pl?biblionumber=46064
_yKatalog online BPK